000 01192nam0a22003491 4500
001 RU\NLR\bibl\978049
005 20250614213426.0
010 _a5-17-038858-6
_bАСТ
010 _a5-271-14674-X
_95000
_bАстрель
021 _aRU
_b2006-43538
_92176
035 _a(NLR Aleph) 000965968
090 _a369182
_c369182
100 _a20060824d2006 |||y0rusy50 ca
101 1 _arus
_ceng
102 _aRU
105 _ay |||||||||
200 1 _aСтолкновение цивилизаций: крестовые походы, джихад и современность
_fТарик Али
_g[пер. с англ. Старосты А.В.]
210 _aМосква
_cАСТ
_cАстрель
_d2006
215 _a528 с.
_d21
320 _aУказатель: с. 521-528
606 1 _aИслам и политика
_92373778
_3RU\NLR\auth\661416723
686 _aЭ38-3-021.4
700 1 _aАли
_bТ.
_gТарик
_4070
801 0 _aRU
_bNLR
_c20060824
_grcr
801 1 _aRU
_bNLR
_c20060824
852 _aNLR
_bОЛСАА-сл-спр
_j3-4409
942 _cBOOK
980 _aNB
980 1 _aSL_SPR